<?xml version="1.0" encoding="UTF-8"?>
<collection xmlns="http://www.loc.gov/MARC21/slim">
<record>
  <controlfield tag="001">163651</controlfield>
  <controlfield tag="005">20251028143426.0</controlfield>
  <datafield tag="024" ind1="8" ind2=" ">
    <subfield code="2">innovaciondocente</subfield>
    <subfield code="a">5107</subfield>
  </datafield>
  <datafield tag="037" ind1=" " ind2=" ">
    <subfield code="a">INNODOC-2024-5107</subfield>
  </datafield>
  <datafield tag="041" ind1=" " ind2=" ">
    <subfield code="a">spa</subfield>
  </datafield>
  <datafield tag="100" ind1=" " ind2=" ">
    <subfield code="0">(orcid)0000-0002-0241-9265</subfield>
    <subfield code="a">Ibarretxe Antuñano, Blanca Iraide</subfield>
    <subfield code="e">coord.</subfield>
  </datafield>
  <datafield tag="245" ind1=" " ind2=" ">
    <subfield code="a">Lingüística para todos X: Sistematizando Zaragoza Lingüística a la Carta</subfield>
  </datafield>
  <datafield tag="260" ind1=" " ind2=" ">
    <subfield code="a">Zaragoza</subfield>
    <subfield code="b">Universidad de Zaragoza</subfield>
    <subfield code="c">2024</subfield>
  </datafield>
  <datafield tag="520" ind1="3" ind2=" ">
    <subfield code="a">Este proyecto tiene diez objetivos: (1) el mantenimiento, la mejora y la difusión del repositorio de archivos multimedia Zaragoza Lingüística a la Carta (PII-2020-0028), iniciado en la convocatoria 2014-15, y su canal de YouTube, inaugurado en la convocatoria 2019-21, para ser utilizado por los miembros de la comunidad universitaria en general; (2) la mejora y la ampliación de la sección general de “Lingüística para todos” y de las subsecciones temáticas de Zaragoza Lingüística a la Carta; (3) la ampliación de la subsección temática “Lingüística y ODS” y la clasificación-etiquetado Impacto ODS; (4) la consolidación de estos materiales multimedia como parte de las actividades innovadoras para la mejora del proceso de enseñanza-aprendizaje del alumnado matriculado en las 39 asignaturas de las áreas de Lingüística, Lengua Española y Filología Inglesa de diferentes niveles educativos (Grado, Máster) en las cuatro universidades colaboradoras (U. Zaragoza-campus Zaragoza y Huesca, U. Oviedo, U. La Rioja, U. Complutense Madrid); (5) la implementación, por primera vez, de estos materiales como recursos docentes en 13 nuevas asignaturas: 10 del área de Lengua Española en U. Zaragoza (Grado, Máster; campus Zaragoza y Teruel), 2 en el área de Filología Inglesa en U. La Rioja (Grado, Máster) y 1 en el área de Lengua Española en U. Vigo; (6) la incorporación de una nueva universidad colaboradora, la Universidad de Vigo, para la implementación de ZLC en asignaturas del área de Lengua Española y, así, seguir comprobando su aplicabilidad fuera del entorno U. Zaragoza; (7) la ampliación y validación de estos recursos multimedia como materiales clave en el proceso enseñanza-aprendizaje a través de la iniciativa docente "Reflexionando con ZL", en la convocatoria 2021-22; (8) la ampliación y la consolidación de la experiencia piloto, iniciada en la convocatoria 2023-24, para el desarrollo de un sistema de clasificación de las video-charlas del repositorio ZLC basado en el tipo de audiencia y el nivel de conocimiento sobre el lenguaje y las lengua para facilitar la elección de los materiales audiovisuales por parte de los usuarios de ZLC y el etiquetado progresivo de la Clasificación LPT;  (9) la difusión de los resultados (foros especializados, redes sociales) y (10) la consolidación de relaciones interuniversitarias con otros proyectos e instituciones (U. Oviedo, Campus Iberus (U. La Rioja), UCM, U. Vigo). Este proyecto, además, tiene como objetivo complementario fortalecer y seguir estableciendo sinergias entre dos de las áreas de trabajo que el equipo formado por profesores del grupo reconocido de investigación Psylex (Psylex-H-11-17R) de las áreas de Lingüística General y Lengua Española han llevado a cabo desde el curso 2006-2007, es decir, la innovación docente de las asignaturas del área por medio de la aplicación de metodologías activas apoyadas en las nuevas tecnologías, así como la divulgación científica y la transferencia del conocimiento a la sociedad en general de temas relacionados con el lenguaje y las lenguas dentro de la Iniciativa de Divulgación Lingüística Zaragoza Lingüística y  el Grupo de Acción del Campus Iberus GA_ICON.</subfield>
  </datafield>
  <datafield tag="700" ind1=" " ind2=" ">
    <subfield code="0">(orcid)0000-0001-8320-9173</subfield>
    <subfield code="a">Hijazo Gascón, Alberto</subfield>
  </datafield>
  <datafield tag="700" ind1=" " ind2=" ">
    <subfield code="a">Ariño Bizarro, Andrea</subfield>
  </datafield>
  <datafield tag="700" ind1=" " ind2=" ">
    <subfield code="0">(orcid)0000-0002-2199-1689</subfield>
    <subfield code="a">Marqueta Gracia, Bárbara María</subfield>
  </datafield>
  <datafield tag="700" ind1=" " ind2=" ">
    <subfield code="0">(orcid)0000-0002-5587-6363</subfield>
    <subfield code="a">Serrano Dolader, David</subfield>
  </datafield>
  <datafield tag="700" ind1=" " ind2=" ">
    <subfield code="0">(orcid)0000-0003-4102-3607</subfield>
    <subfield code="a">Gómez Laguna, Isaac</subfield>
  </datafield>
  <datafield tag="700" ind1=" " ind2=" ">
    <subfield code="0">(orcid)0000-0001-6891-6275</subfield>
    <subfield code="a">Mendívil Giró, José Luis</subfield>
  </datafield>
  <datafield tag="700" ind1=" " ind2=" ">
    <subfield code="a">Peñalver Bergua, Juan Antonio</subfield>
  </datafield>
  <datafield tag="700" ind1=" " ind2=" ">
    <subfield code="0">(orcid)0000-0003-3525-2489</subfield>
    <subfield code="a">Benaiges Saura, Katia María</subfield>
  </datafield>
  <datafield tag="700" ind1=" " ind2=" ">
    <subfield code="0">(orcid)0000-0002-5222-9216</subfield>
    <subfield code="a">Peiró Márquez, Laura</subfield>
  </datafield>
  <datafield tag="700" ind1=" " ind2=" ">
    <subfield code="0">(orcid)0000-0001-9499-4015</subfield>
    <subfield code="a">Horno Chéliz, María del Carmen</subfield>
  </datafield>
  <datafield tag="700" ind1=" " ind2=" ">
    <subfield code="a">Méndez Santos, María del Carmen</subfield>
  </datafield>
  <datafield tag="700" ind1=" " ind2=" ">
    <subfield code="a">Perez Hernandez, Maria Lorena</subfield>
  </datafield>
  <datafield tag="700" ind1=" " ind2=" ">
    <subfield code="0">(orcid)0000-0002-2336-6094</subfield>
    <subfield code="a">Moret Oliver, María Teresa</subfield>
  </datafield>
  <datafield tag="700" ind1=" " ind2=" ">
    <subfield code="a">Pérez Serrano, Mercedes</subfield>
  </datafield>
  <datafield tag="700" ind1=" " ind2=" ">
    <subfield code="0">(orcid)0000-0001-9131-8660</subfield>
    <subfield code="a">López Cortés, Natalia</subfield>
  </datafield>
  <datafield tag="700" ind1=" " ind2=" ">
    <subfield code="a">Pérez Sobrino, Paula</subfield>
  </datafield>
  <datafield tag="700" ind1=" " ind2=" ">
    <subfield code="0">(orcid)0000-0003-3867-3422</subfield>
    <subfield code="a">San Segundo Cachero, Rosabel</subfield>
  </datafield>
  <datafield tag="700" ind1=" " ind2=" ">
    <subfield code="0">(orcid)0000-0001-7348-979X</subfield>
    <subfield code="a">Rodríguez Gascón, Sara</subfield>
  </datafield>
  <datafield tag="700" ind1=" " ind2=" ">
    <subfield code="a">Lopez Gimenez, Sofia</subfield>
  </datafield>
  <datafield tag="856" ind1="4" ind2=" ">
    <subfield code="s">130995</subfield>
    <subfield code="u">http://zaguan.unizar.es/record/163651/files/memoria_PIIDUZ_2024_5107.pdf</subfield>
    <subfield code="y">Memoria del proyecto</subfield>
  </datafield>
  <datafield tag="970" ind1=" " ind2=" ">
    <subfield code="a">INNODOC-2024-5107</subfield>
  </datafield>
  <datafield tag="980" ind1=" " ind2=" ">
    <subfield code="a">INNODOC</subfield>
    <subfield code="b">PIIDUZ</subfield>
    <subfield code="c">PIIDUZ_3 De referencia</subfield>
  </datafield>
</record>
</collection>